Statistics for French names of cities

Click here to take the quiz!

General Stats

  • This quiz has been taken 25 times
  • The average score is 7 of 15

Answer Stats

Place name in FrenchEnglish name% Correct
La Nouvelle-OrléansNew Orleans
100%
HanovreHannover
96%
GizehGiza
71%
ErevanYerevan
71%
KiovieKiev
67%
BrêmeBremen
63%
NankinNanjing
58%
CoblenceKoblenz
54%
DouvresDover
50%
AnversAntwerp
38%
Carthagène des IndesCartagena
25%
TrèvesTrier
13%
GandGhent
8%
BrinBrno
4%
Bruges-sur-MerZeebrugge
4%

Score Distribution

Percentile by Number Answered

Percent of People with Each Score

Your Score History

You have not taken this quiz